Advertising and Public Relations Research (Record no. 11423)

000 -LEADER
fixed length control field 00632nam a22001937a 4500
008 - FIXED-LENGTH DATA ELEMENTS--GENERAL INFORMATION
fixed length control field 160708b xxu||||| |||| 00| 0 eng d
020 ## - INTERNATIONAL STANDARD BOOK NUMBER
International Standard Book Number 9780765624185
050 ## - LIBRARY OF CONGRESS CALL NUMBER
Classification number HF 5814 .A32 2010
100 ## - MAIN ENTRY--PERSONAL NAME
Personal name Donald W. Jugenheimer
Dates associated with a name 2010
245 ## - TITLE STATEMENT
Title Advertising and Public Relations Research
260 ## - PUBLICATION, DISTRIBUTION, ETC. (IMPRINT)
Place of publication, distribution, etc. London
Name of publisher, distributor, etc. M.E.Sharpe
Date of publication, distribution, etc. 2010
300 ## - PHYSICAL DESCRIPTION
Extent viii 327p;ill.
Other physical details Includes bibliographical references and index
650 ## - SUBJECT ADDED ENTRY--TOPICAL TERM
Topical term or geographic name as entry element Advertising -Research
700 ## - ADDED ENTRY--PERSONAL NAME
Personal name Donald W. Jugenheimer
700 ## - ADDED ENTRY--PERSONAL NAME
Personal name Samuel D. Bradley
700 ## - ADDED ENTRY--PERSONAL NAME
Personal name Larry D. Kelley
700 ## - ADDED ENTRY--PERSONAL NAME
Personal name Jerry C. Hudson
942 ## - ADDED ENTRY ELEMENTS (KOHA)
Source of classification or shelving scheme
Koha item type Hard Covered Materials
Classification part HF 5814 .A32 2010
Holdings
Withdrawn status Lost status Source of classification or shelving scheme Damaged status Not for loan Home library Current library Shelving location Date acquired Source of acquisition Total Checkouts Full call number Barcode Date last seen Price effective from Koha item type
          MACHAKOS UNIVERSITY LIBRARY MACHAKOS UNIVERSITY LIBRARY Open shelf 08/07/2016 Donation (BFA)   HF 5814 .A32 2010 21310 04/06/2019 08/07/2016 Hard Covered Materials
© Machakos University Library, Along The Highway, Machakos Wote Rd, Machakos, Kenya P.O. Box 136 - 90100 Machakos - Kenya

Tel: ( +254 ) 723 805829 OR Fax : 044-20353 OR Email: library@mksu.ac.ke